00262nam a2200121Ia 4500100002000000650001400020366000700034245002700041260002200068082001900090300000800109546002300117 aUgural/Ansel C  aMechanics f25 aMechanics of Materials bWiley Indiac2008 a620.11292bUGU a716 aENGLISHcInfo.Tech